Poklad národa O stave ochrany a dopĺňania Fondu národného písomníctva

Bibliographic Details
Main Author: Ferko, Milan, 1929-2010 (Author)
Format: Article
Language:Slovak
PhysicalDescription:Fotogr. 1
Subjects:

MARC

LEADER 00000nab a2200000 a 4500
001 vtls000556065
003 SK-MaSNL
005 20260303204823.0
008 120929c1995 xo 0 slo
015 |a SNBRB19rr/mm-uuuuu 
035 |a CL0556203 
040 |a SNKBUCL  |b slo  |c SNKBUCL  |e AACR2 
041 0 |a slo 
044 |a xo  |c SK 
080 |a 002(437.6)(091):09(437.6)  |2 1981 
080 |a 09(437.6)  |2 1981 
080 |a 025.2  |2 1981 
100 1 |a Ferko, Milan,  |d 1929-2010  |4 aut  |9 134529 
245 1 0 |a Poklad národa  |b O stave ochrany a dopĺňania Fondu národného písomníctva  |c Milan Ferko 
300 |b Fotogr. 1 
650 0 7 |a slovenské písomníctvo  |2 snkbucl  |9 1238903 
650 0 7 |a Fond národného písomníctva  |2 snkbucl  |9 1238904 
655 7 |a články z novín a časopisov  |2 snkbucl  |9 267496 
655 7 |a články z odboru knihovníctvo  |2 snkbucl  |9 166141 
773 0 |t Slovenská republika  |g Roč. 2, č. 193 (19. 8. 1995) 
773 0 |t [Príl.] Kultúra '95  |g Č. 4 (1995), s. V 
850 |a Slovenská národná knižnica v Martine  |a MTA001 
852 |a SNK  |b KIS3GCP 
958 |a RK 
958 |a KL 
992 |a RBX 
999 |c 2192012  |d 2193942